00390nam a2200121Ia 4500008004100000020002200041100002300063245004800086260004900134300002500183650002100208650003900229200908s9999 xx 000 0 und d a978-971-98-0514-4 aJeong, Luz Suplico cLuz Suplico JeongaInternational marketing/ aQuezon City:bC and E Publishing, Inc.c2016 ax, 252 pagesc22 cm. aExport marketing aInternational business enterprises